000 00470nam a2200169 a 4500
001 000004770
005 20200929151512.0
040 _aDO-SdBNP
_bspa
_cBNPHU
082 _a234
_bW582c
100 1 _aWhite, Ellen G.
_913861
245 1 3 _aEl camino a Cristo /
_cElena G. de White.
260 _aCalifornia :
_bEdiciones Interamericanas,
_c1980.
300 _a126 p. :
_bil ;
_c19 cm.
650 4 _aSalvación
_93270
910 _aValidado. Control de calidad MFF
049 _aBNPD
999 _c4576
_d4576